Justin Bieber - Chansons de l'album Purpose - Statistiques

Statistiques générales
  • Ce quiz a été pris 26 fois
  • Le résultat moyen est 12 sur 19
Statistiques - réponses
Hint Réponse % Correct
Purpose 4 Sorry
91%
Purpose 3 What Do You Mean?
87%
Purpose Deluxe 19 What Do You Mean? - Acoustic
87%
Purpose 5 Love Yourself
78%
Purpose 12 Children
74%
Purpose 13 Purpose
74%
Purpose 6 Company
70%
Purpose 2 I'll Show You
70%
Purpose 11 Where Are Ü Now (featuring Jack Ü)
65%
Purpose 7 No Pressure (featuring Big Sean)
61%
Purpose 8 No Sense (featuring Travis Scott)
61%
Purpose 9 The Feeling (featuring Halsey)
57%
Purpose 10 Life Is Worth Living
52%
Purpose 1 Mark My Words
52%
Purpose Deluxe 18 All in It
48%
Purpose Deluxe 14 Been You
48%
Purpose Deluxe 15 Get Used to It
43%
Purpose Deluxe 17 Trust
43%
Purpose Deluxe 16 We Are
39%
Aucun quiz correspondant
Distribution des résultats
% des personnes avec chaque résultat
Percentile par nombre de réponses
Votre historique - résultats
Vous n’avez pas pris ce quiz